Cities Ahead of GMT/UTC - Sudden Death - Statistics

General Stats
  • This quiz has been taken 8 times
  • The average score is 14 of 20
Answers on the Grid
Answers color-coded by a green-red scale on the quiz's grid according to % correct below.
Anchorage
Beijing
Brazzaville
Buenos Aires
Cairo
Dubai
Dublin
Halifax
Ho Chi Minh City
Hong Kong
Jakarta
Kuala Lumpur
Lomé
London
Los Angeles
Mumbai
New Delhi
New York
Nuuk
Paris
Reykjavik
Riyadh
Santiago
Seoul
Shanghai
Singapore
Sydney
Tokyo
Washington D.C.
Wellington
 
Answer Stats
Answer % Correct
+2 / +3 Cairo
100%
+8 Shanghai
100%
+10 / +11 Sydney
100%
+8 Beijing
80%
+4 Dubai
80%
+7 Ho Chi Minh City
80%
+8 Hong Kong
80%
+7 Jakarta
80%
+8 Kuala Lumpur
80%
+5:30 New Delhi
80%
+3 Riyadh
80%
+9 Tokyo
80%
+12 / +13 Wellington
80%
+1 Brazzaville
60%
+5:30 Mumbai
60%
+1 / +2 Paris
60%
+9 Seoul
60%
+8 Singapore
60%
GMT / +1 Dublin
20%
GMT / +1 London
20%
No matching quizzes found
Score Distribution
Percent of People with Each Score
Percentile by Number Answered
Your Score History
You have not taken this quiz